Central Library OPAC University of Rajshahi

বঙ্গবন্ধুর অসমাপ্ত আত্মজীবনী পূণর্পাঠ / (Record no. 39718)

MARC details
000 -LEADER
fixed length control field 01062nam a2200241 a 4500
001 - CONTROL NUMBER
control field 39718
003 - CONTROL NUMBER IDENTIFIER
rucl marc code BD-RjUL
005 - DATE AND TIME OF LATEST TRANSACTION
control field 20211209053038.0
008 - FIXED-LENGTH DATA ELEMENTS--GENERAL INFORMATION
fixed length control field 160417s2013 bg a|||| b||| 001 0 ben d
020 ## - INTERNATIONAL STANDARD BOOK NUMBER
International Standard Book Number 9789845061704
Terms of availability : Tk.300.00
035 ## - SYSTEM CONTROL NUMBER
System control number (BD-RjUL)39831
040 ## - CATALOGING SOURCE
Original cataloging agency BD-RjUL
Language of cataloging ben
Transcribing agency BD-RjUL
041 ## - LANGUAGE CODE
Language code of text/sound track or separate title ben
082 ## - DEWEY DECIMAL CLASSIFICATION NUMBER
Edition number 23
Classification number B 954.9205092
Author mark and year RAB 2013
100 ## - MAIN ENTRY--PERSONAL NAME
Personal name রশিদ, হারুন-অর.
9 (RLIN) 122337
245 ## - TITLE STATEMENT
Title বঙ্গবন্ধুর অসমাপ্ত আত্মজীবনী পূণর্পাঠ /
Statement of responsibility, etc. হারুন-অর-রাশিদ
260 ## - PUBLICATION, DISTRIBUTION, ETC. (IMPRINT)
Place of publication, distribution, etc. ঢাকা :
Name of publisher, distributor, etc. দি ইউনিভার্সিটি প্রেস লিমিটেড,
Date of publication, distribution, etc. ২০১৩.
300 ## - PHYSICAL DESCRIPTION
Pagination xii, ১৭২ পৃ. :
Illustrations চিত্র ;
Size ২২ সেমি.
504 ## - BIBLIOGRAPHY, ETC. NOTE
Bibliography, etc তথ্যপঞ্জি ও নির্ঘন্ট সংযুক্ত
600 ## - SUBJECT ADDED ENTRY--PERSONAL NAME
Personal name রহমান, শেখ মুজিবুর.
General subdivision জীবনী
Personal name Rahman, Sheikh Mujibur
General subdivision Biography
942 ## - ADDED ENTRY ELEMENTS (KOHA)
Source of classification or shelving scheme Dewey Decimal Classification
Koha item type Books
Holdings
Lost status Source of classification or shelving scheme Damaged status Not for loan Collection code Permanent Location Current Location Shelving location Date acquired Source of acquisition Cost, normal purchase price Total Checkouts Full call number Date last seen Copy number Koha item type Date checked out Total Renewals
  Dewey Decimal Classification   Not For Loan Non-fiction Central Library, University of Rajshahi Central Library, University of Rajshahi Reading Room 26/12/2013 Prothoma prokashon, Dhaka. 300.00   B 954.9205 RAB 2013 17/04/2016 C-1 Books    
  Dewey Decimal Classification     Non-fiction Central Library, University of Rajshahi Central Library, University of Rajshahi   26/12/2013 Prothoma prokashon, Dhaka. 300.00 4 B 954.9205 RAB 2013 09/03/2017 C-2 Books 19/02/2017  
  Dewey Decimal Classification     Non-fiction Central Library, University of Rajshahi Central Library, University of Rajshahi   26/12/2013 Prothoma prokashon, Dhaka. 300.00 5 B 954.9205092 RAB 2013 08/07/2017 C-3 Books 25/05/2017 1